[Event "AUT-chT2O 1920"]
[Site "Austria"]
[Date "2020.03.01"]
[Round "9.1"]
[White "Lizak, Peter"]
[Black "Hangweyrer, Manfred"]
[Result "1/2-1/2"]
[WhiteElo "2460"]
[BlackElo "2347"]
[PlyCount "28"]
[EventDate "2019.10.19"]
[EventType "team-tourn"]
[EventRounds "11"]
[EventCountry "AUT"]
[SourceTitle "CBM 195 Extra"]
[Source "ChessBase"]
[SourceDate "2020.05.31"]
[SourceVersion "1"]
[SourceVersionDate "2020.05.31"]
[SourceQuality "1"]
[WhiteTeam "Pressbaum"]
[BlackTeam "Wien Austria"]
[WhiteTeamCountry "AUT"]
[BlackTeamCountry "AUT"]

1. d4 d5 2. Bf4 Nf6 3. e3 c5 4. Nf3 Nc6 5. Nbd2 g6 6. c3 Bg7 7. h3 0-0 8. Be2 Nd7 9. 0-0 e5 10. dxe5 Ndxe5 11. Nxe5 Nxe5 12. Nf3 Re8 13. Qd2 Nc4 14. Qc1 Qb6 1/2-1/2

[Event "AUT-chT2O 1920"]
[Site "Austria"]
[Date "2020.02.29"]
[Round "8.1"]
[White "Hangweyrer, Manfred"]
[Black "Schwarz, Dusan"]
[Result "0-1"]
[WhiteElo "2347"]
[BlackElo "2315"]
[PlyCount "50"]
[EventDate "2019.10.19"]
[EventType "team-tourn"]
[EventRounds "11"]
[EventCountry "AUT"]
[SourceTitle "CBM 195 Extra"]
[Source "ChessBase"]
[SourceDate "2020.05.31"]
[SourceVersion "1"]
[SourceVersionDate "2020.05.31"]
[SourceQuality "1"]
[WhiteTeam "Wien Austria"]
[BlackTeam "Wiener Amateur CC"]
[WhiteTeamCountry "AUT"]
[BlackTeamCountry "AUT"]

1. e4 c5 2. Nf3 d6 3. Bb5+ Nc6 4. Bxc6+ bxc6 5. 0-0 Bg4 6. h3 Bh5 7. c3 Nf6 8. Re1 e6 9. d4 cxd4 10. cxd4 Be7 11. Nc3 0-0 12. b3 d5 13. e5 Nd7 14. Na4 c5 15. Be3 cxd4 16. Qxd4 Bxf3 17. gxf3 f6 18. f4 Qe8 19. Qd1 fxe5 20. fxe5 Nxe5 21. f4 Qg6+ 22. Kh2 Bh4 23. fxe5 Qg3+ 24. Kh1 Qxh3+ 25. Kg1 Rf3 0-1

[Event "AUT-chT2O 1920"]
[Site "Austria"]
[Date "2019.12.07"]
[Round "5.3"]
[White "Vitouch, Anatol"]
[Black "Hangweyrer, Manfred"]
[Result "1/2-1/2"]
[WhiteElo "2286"]
[BlackElo "2347"]
[PlyCount "30"]
[EventDate "2019.10.19"]
[EventType "team-tourn"]
[EventRounds "11"]
[EventCountry "AUT"]
[SourceTitle "CBM 193 Extra"]
[Source "ChessBase"]
[SourceDate "2020.01.31"]
[SourceVersion "1"]
[SourceVersionDate "2020.01.31"]
[SourceQuality "1"]
[WhiteTeam "Pamhagen"]
[BlackTeam "Wien Austria"]
[WhiteTeamCountry "AUT"]
[BlackTeamCountry "AUT"]

1. d4 d5 2. c4 c6 3. cxd5 cxd5 4. Bf4 e6 5. Nc3 Bd6 6. Bxd6 Qxd6 7. e3 Nc6 8. Bd3 Nge7 9. f4 a6 10. Nf3 f6 11. 0-0 0-0 12. Qe2 Bd7 13. Rad1 Be8 14. Nh4 Bf7 15. Qg4 f5 1/2-1/2

[Event "AUT-chT2O 1920"]
[Site "Austria"]
[Date "2019.11.17"]
[Round "4.3"]
[White "Hangweyrer, Manfred"]
[Black "Hrescak, Ivana"]
[Result "1/2-1/2"]
[WhiteElo "2347"]
[BlackElo "2226"]
[PlyCount "90"]
[EventDate "2019.10.19"]
[EventType "team-tourn"]
[EventRounds "11"]
[EventCountry "AUT"]
[SourceTitle "CBM 193 Extra"]
[Source "ChessBase"]
[SourceDate "2020.01.31"]
[SourceVersion "1"]
[SourceVersionDate "2020.01.31"]
[SourceQuality "1"]
[WhiteTeam "Wien Austria"]
[BlackTeam "Baden Invest"]
[WhiteTeamCountry "AUT"]
[BlackTeamCountry "AUT"]

1. e4 c5 2. Nc3 Nc6 3. g3 g6 4. Bg2 Bg7 5. d3 e6 6. Be3 Nd4 7. Nce2 Ne7 8. c3 Nxe2 9. Nxe2 d6 10. d4 Qc7 11. Qd2 h5 12. h3 Bd7 13. Rd1 Rd8 14. 0-0 0-0 15. Rfe1 Bc8 16. Bh6 Kh7 17. Bxg7 Kxg7 18. Qe3 e5 19. f4 f6 20. Rf1 b6 21. fxe5 dxe5 22. d5 Ba6 23. Rf2 Bxe2 24. Qxe2 Nc8 25. Rdf1 Nd6 26. h4 Qd7 27. Kh2 a5 28. b3 Qb5 29. Qe3 Rde8 30. c4 Qd7 31. Bh3 Qe7 32. Be6 Ra8 33. a4 Rab8 34. Rg2 Rh8 35. Kg1 Rh6 36. g4 hxg4 37. Rxg4 Kh7 38. Rf2 Rf8 39. Rfg2 Rd8 40. Kf1 Rf8 41. Ke2 Rd8 42. Qg3 Qe8 43. Ke1 Rb8 44. Kd2 Rd8 45. Kc2 Rb8 1/2-1/2

[Event "AUT-chT2O 1920"]
[Site "Austria"]
[Date "2019.11.16"]
[Round "3.4"]
[White "Hangweyrer, Manfred"]
[Black "Mozny, Milos"]
[Result "1/2-1/2"]
[WhiteElo "2347"]
[BlackElo "2256"]
[PlyCount "57"]
[EventDate "2019.10.19"]
[EventType "team-tourn"]
[EventRounds "11"]
[EventCountry "AUT"]
[SourceTitle "CBM 193 Extra"]
[Source "ChessBase"]
[SourceDate "2020.01.31"]
[SourceVersion "1"]
[SourceVersionDate "2020.01.31"]
[SourceQuality "1"]
[WhiteTeam "Wien Austria"]
[BlackTeam "Hietzing"]
[WhiteTeamCountry "AUT"]
[BlackTeamCountry "AUT"]

1. Nf3 d5 2. d4 Nf6 3. e3 Bf5 4. c4 e6 5. Qb3 b6 6. Nc3 c6 7. Nh4 Bg6 8. g3 Be7 9. Nxg6 hxg6 10. Bg2 Nbd7 11. e4 dxe4 12. Nxe4 Nxe4 13. Bxe4 Rc8 14. Be3 c5 15. Rd1 cxd4 16. Bxd4 Qc7 17. Bxg7 Rh7 18. Bc3 Nc5 19. Qc2 Nxe4 20. Qxe4 Qxc4 21. Rd4 Qc6 22. Qxc6+ Rxc6 23. Rd3 Rh5 24. 0-0 Rd6 25. Rfd1 Rxd3 26. Rxd3 Rc5 27. Kg2 Rc4 28. h4 b5 29. a3 1/2-1/2

[Event "AUT-chT2O 1819"]
[Site "Austria"]
[Date "2019.03.10"]
[Round "9.2"]
[White "Lipp, Alfred"]
[Black "Hangweyrer, Manfred"]
[Result "0-1"]
[WhiteElo "1996"]
[BlackElo "2351"]
[PlyCount "86"]
[EventDate "2018.10.06"]
[EventType "team-tourn"]
[EventRounds "11"]
[EventCountry "AUT"]
[SourceTitle "CBM 189 Extra"]
[Source "ChessBase"]
[SourceDate "2019.06.03"]
[SourceVersion "1"]
[SourceVersionDate "2019.06.03"]
[SourceQuality "1"]
[WhiteTeam "Wiener Amateur CC "]
[BlackTeam "Austria"]
[WhiteTeamCountry "AUT"]
[BlackTeamCountry "AUT"]

1. d4 d5 2. c4 c6 3. Nf3 Nf6 4. Nc3 dxc4 5. a4 e6 6. e3 c5 7. Bxc4 cxd4 8. exd4 Be7 9. 0-0 0-0 10. Bg5 Nc6 11. Re1 Nb4 12. Ne5 b6 13. Qf3 Rb8 14. Rad1 Bb7 15. Qh3 Nfd5 16. Bxe7 Qxe7 17. Qg3 Rbc8 18. Bb3 Rfd8 19. h4 Qf6 20. Ne4 Qf4 21. Ng5 Qxg3 22. fxg3 Rc7 23. Rf1 Rf8 24. Rc1 Re7 25. Rf3 f6 26. Rcf1 Rd8 27. Ngf7 Rxf7 28. Nxf7 Kxf7 29. g4 Ne7 30. Re3 Bd5 31. Bxd5 Nexd5 32. Re4 Rc8 33. Rfe1 Rc6 34. R1e2 a5 35. h5 h6 36. Kh2 Nc7 37. Kg3 Nbd5 38. Kh4 Rc4 39. b3 Rc3 40. Rb2 Ne3 41. g3 Ncd5 42. Kh3 Rd3 43. Rf2 Rxb3 0-1

[Event "AUT-chT2O 1819"]
[Site "Austria"]
[Date "2018.10.06"]
[Round "1.2"]
[White "Steiner, Adam"]
[Black "Hangweyrer, Manfred"]
[Result "0-1"]
[WhiteElo "2219"]
[BlackElo "2351"]
[PlyCount "90"]
[EventDate "2018.10.06"]
[EventType "team-tourn"]
[EventRounds "11"]
[EventCountry "AUT"]
[SourceTitle "CBM 186 Extra"]
[Source "ChessBase"]
[SourceDate "2018.08.24"]
[SourceVersion "1"]
[SourceVersionDate "2018.08.24"]
[SourceQuality "1"]
[WhiteTeam "Wien Ottakring"]
[BlackTeam "Austria"]
[WhiteTeamCountry "AUT"]
[BlackTeamCountry "AUT"]

1. e4 d6 2. d4 Nf6 3. Nc3 e5 4. Nge2 c6 5. a4 Be7 6. g3 a5 7. Bg2 Na6 8. 0-0 h5 9. h3 Be6 10. Be3 Qc8 11. Kh2 Nb4 12. Qd2 h4 13. g4 Bxg4 14. hxg4 Nxg4+ 15. Kh1 Nxe3 16. fxe3 Rh6 17. Ng1 h3 18. Bf3 g5 19. dxe5 dxe5 20. Qf2 g4 21. Be2 Qe6 22. Rad1 h2 23. Nh3 gxh3 24. Bg4 Qg6 25. Bd7+ Kf8 26. Qxh2 Qg2+ 27. Qxg2 hxg2+ 28. Kxg2 Nxc2 29. Kf3 Bc5 30. Rc1 Rf6+ 31. Ke2 Rxf1 32. Rxf1 Nxe3 33. Rh1 Ke7 34. Bh3 Rg8 35. Kf3 Nc4 36. Rd1 Bb4 37. Rd7+ Kf6 38. Rxb7 Rd8 39. Rc7 Rd3+ 40. Kg4 Rd6 41. Ne2 Kg7 42. Kf3 Nd2+ 43. Kg4 Rg6+ 44. Kf5 Nf3 45. Rd7 Rg5# 0-1

[Event "AUT-chT2O 1718"]
[Site "Austria"]
[Date "2017.10.21"]
[Round "1.1"]
[White "Hangweyrer, Manfred"]
[Black "Ly, Dominik"]
[Result "1-0"]
[WhiteElo "2362"]
[BlackElo "2190"]
[PlyCount "39"]
[EventDate "2017.10.21"]
[EventType "team-tourn"]
[EventRounds "11"]
[EventCountry "AUT"]
[SourceTitle "CBM 181 Extra"]
[Source "ChessBase"]
[SourceDate "2017.12.12"]
[SourceVersion "1"]
[SourceVersionDate "2017.12.12"]
[SourceQuality "1"]
[WhiteTeam "Austria"]
[BlackTeam "Baden Invest"]
[WhiteTeamCountry "AUT"]
[BlackTeamCountry "AUT"]

1. Nf3 c5 2. g3 Nc6 3. Bg2 g6 4. c3 Bg7 5. d4 cxd4 6. cxd4 d5 7. 0-0 Nf6 8. Ne5 0-0 9. Nc3 Bf5 10. Bf4 Rc8 11. Rc1 Qa5 12. Qd2 Rfd8 13. Rfd1 Nxe5 14. Bxe5 Ne8 15. Bxg7 Kxg7 16. h3 Nd6 17. g4 Nc4 18. Qf4 Nxb2 19. Qe5+ Kg8 20. Nxd5 1-0

[Event "AUT-chT2O 1617"]
[Site "Austria"]
[Date "2017.01.15"]
[Round "7.2"]
[White "Juhasz, Armin"]
[Black "Hangweyrer, Manfred"]
[Result "1/2-1/2"]
[WhiteElo "2388"]
[BlackElo "2384"]
[PlyCount "45"]
[EventDate "2016.10.15"]
[EventType "team-tourn"]
[EventRounds "11"]
[EventCountry "AUT"]
[SourceTitle "CBM 177 Extra"]
[Source "ChessBase"]
[SourceDate "2017.04.27"]
[SourceVersion "1"]
[SourceVersionDate "2017.04.27"]
[SourceQuality "1"]
[WhiteTeam "Bad Voeslau"]
[BlackTeam "Austria"]
[WhiteTeamCountry "AUT"]
[BlackTeamCountry "AUT"]

1. d4 d5 2. c4 c6 3. Nf3 Nf6 4. e3 g6 5. Nc3 Bg7 6. Be2 0-0 7. 0-0 b6 8. cxd5 cxd5 9. b3 Bb7 10. Ba3 Nbd7 11. Rc1 Ne4 12. Qd3 a6 13. Nd2 f5 14. Ncxe4 fxe4 15. Qc3 Rc8 16. Qb4 Rxc1 17. Rxc1 e5 18. dxe5 Nxe5 19. Qe7 Qxe7 20. Bxe7 Rc8 21. Rxc8+ Bxc8 22. Bd8 b5 23. Bb6 1/2-1/2

[Event "AUT-chT2O 1617"]
[Site "Austria"]
[Date "2017.01.14"]
[Round "6.6"]
[White "Hangweyrer, Manfred"]
[Black "Jankovic, Alojzije"]
[Result "1/2-1/2"]
[WhiteElo "2384"]
[BlackElo "2579"]
[PlyCount "232"]
[EventDate "2016.10.15"]
[EventType "team-tourn"]
[EventRounds "11"]
[EventCountry "AUT"]
[SourceTitle "CBM 177 Extra"]
[Source "ChessBase"]
[SourceDate "2017.04.27"]
[SourceVersion "1"]
[SourceVersionDate "2017.04.27"]
[SourceQuality "1"]
[WhiteTeam "Austria"]
[BlackTeam "Baden Invest"]
[WhiteTeamCountry "AUT"]
[BlackTeamCountry "AUT"]

1. e4 c5 2. Nc3 Nc6 3. g3 g6 4. Bg2 Bg7 5. d3 d6 6. Bg5 Rb8 7. Nge2 b5 8. Qd2 Nd4 9. h3 Qa5 10. Nxd4 cxd4 11. Ne2 Qb6 12. Qd1 Nf6 13. 0-0 0-0 14. c3 dxc3 15. Nxc3 b4 16. Ne2 a5 17. Be3 Qb5 18. Nd4 Qd7 19. a3 b3 20. a4 Ne8 21. Nxb3 Bxb2 22. Rb1 Bf6 23. Nxa5 Rxb1 24. Qxb1 Qxa4 25. Nc4 Be6 26. Nb6 Qa6 27. d4 Nc7 28. d5 Bc8 29. Rc1 Na8 30. Bf1 Qb7 31. Nxc8 Qxb1 32. Nxe7+ Bxe7 33. Rxb1 Nc7 34. Rb7 Rc8 35. h4 Bd8 36. Bf4 Ne8 37. Bb5 Nf6 38. f3 Bc7 39. Bg5 Bd8 40. Bf4 Bc7 41. g4 Bb8 42. Bc6 Kg7 43. Kf2 h6 44. Ke3 Rd8 45. Kd3 Nh7 46. Be3 Nf8 47. Bd4+ Kg8 48. f4 Rc8 49. g5 hxg5 50. hxg5 Bc7 51. Bc3 Bd8 52. e5 Bc7 53. Ke4 dxe5 54. fxe5 Bd8 55. Bd2 Nh7 56. Be8 Rc4+ 57. Kd3 Rc7 58. Rb8 Bxg5 59. Bc3 Bf4 60. Bc6+ Kg7 61. Ra8 Ng5 62. e6+ Kh6 63. Ba5 fxe6 64. Bxc7 Bxc7 65. Ke3 exd5 66. Bxd5 Nh7 67. Ra6 Nf8 68. Rf6 Nd7 69. Rf7 Bb6+ 70. Kf4 Nc5 71. Bc4 Ba5 72. Ke5 Kg5 73. Kd5 Bb4 74. Rf1 Nd7 75. Rg1+ Kh6 76. Bd3 Nf8 77. Rb1 Ba3 78. Rf1 Kg7 79. Bc4 Bb4 80. Ke5 Bc3+ 81. Kf4 Bd4 82. Kg4 Bf6 83. Rd1 Be5 84. Rd5 Bc3 85. Rb5 Bd4 86. Rb7+ Kh6 87. Bg8 Bc5 88. Kf4 Bd6+ 89. Ke4 Kg5 90. Rf7 Kh6 91. Kd5 Ba3 92. Rf3 Bb4 93. Ke5 Be7 94. Bc4 Kg5 95. Bb5 Bb4 96. Rg3+ Kh6 97. Kf6 Nh7+ 98. Kf7 Nf8 99. Bd3 Bc5 100. Bc2 Bb4 101. Rb3 Bc5 102. Rb5 Ba3 103. Rb6 Bc5 104. Rc6 Bb4 105. Bxg6 Nxg6 106. Rxg6+ Kh5 107. Kf6 Kh4 108. Kf5 Kh3 109. Kf4 Kh2 110. Kf3 Bc5 111. Rg2+ Kh1 112. Rc2 Ba7 113. Ra2 Bb6 114. Rc2 Ba7 115. Kg3 Bb8+ 116. Kh3 Ba7 1/2-1/2

[Event "AUT-chT2O 1617"]
[Site "Austria"]
[Date "2016.11.13"]
[Round "4.6"]
[White "Hangweyrer, Manfred"]
[Black "Lipka, Juraj"]
[Result "1/2-1/2"]
[WhiteElo "2384"]
[BlackElo "2421"]
[PlyCount "80"]
[EventDate "2016.10.15"]
[EventType "team-tourn"]
[EventRounds "11"]
[EventCountry "AUT"]
[SourceTitle "CBM 175 Extra"]
[Source "ChessBase"]
[SourceDate "2016.12.12"]
[SourceVersion "1"]
[SourceVersionDate "2016.12.12"]
[SourceQuality "1"]
[WhiteTeam "Austria"]
[BlackTeam "Pamhagen"]
[WhiteTeamCountry "AUT"]
[BlackTeamCountry "AUT"]

1. Nf3 d5 2. d4 Nf6 3. e3 g6 4. c4 Bg7 5. Nc3 0-0 6. cxd5 Nxd5 7. Bc4 Nxc3 8. bxc3 c5 9. 0-0 Nd7 10. a4 b6 11. Ba3 Bb7 12. Qe2 e5 13. Rfd1 Qc7 14. Bb5 e4 15. Nd2 Rfd8 16. Qg4 Nf6 17. Qg3 Qxg3 18. hxg3 cxd4 19. cxd4 Nd5 20. Rac1 Rac8 21. Nxe4 Nxe3 22. fxe3 Bxe4 23. Be7 Rxc1 24. Rxc1 Ra8 25. Kf2 Bd5 26. Rc7 Bf8 27. Bf6 a6 28. Bc6 Bxc6 29. Rxc6 b5 30. axb5 axb5 31. d5 Bg7 32. Bxg7 Kxg7 33. Rb6 f5 34. Rxb5 Kf6 35. Rb7 Rd8 36. Rxh7 Rxd5 37. Kf3 Rd2 38. Ra7 g5 39. Ra6+ Ke5 40. Ra5+ Kf6 1/2-1/2

[Event "AUT-chT2O 1617"]
[Site "Austria"]
[Date "2016.10.16"]
[Round "2.2"]
[White "Hangweyrer, Manfred"]
[Black "Petran, Peter"]
[Result "1/2-1/2"]
[WhiteElo "2384"]
[BlackElo "2306"]
[PlyCount "104"]
[EventDate "2016.10.15"]
[EventType "team-tourn"]
[EventRounds "11"]
[EventCountry "AUT"]
[SourceTitle "EXT 2017"]
[Source "ChessBase"]
[SourceDate "2016.10.25"]
[SourceVersion "1"]
[SourceVersionDate "2016.10.25"]
[SourceQuality "1"]
[WhiteTeam "Austria"]
[BlackTeam "Mattersburg"]
[WhiteTeamCountry "AUT"]
[BlackTeamCountry "AUT"]

1. d4 f5 2. e4 fxe4 3. Nc3 Nf6 4. f3 exf3 5. Nxf3 g6 6. Bf4 d5 7. Qd2 Bf5 8. 0-0-0 c6 9. Bd3 Ne4 10. Bxe4 dxe4 11. Ng5 Nd7 12. h3 Nf6 13. Rhe1 Qa5 14. Kb1 Bg7 15. g4 h6 16. gxf5 hxg5 17. Be5 0-0-0 18. Qxg5 Rxh3 19. fxg6 Rh5 20. Qg3 Rdh8 21. Bxf6 Bxf6 22. Nxe4 Qf5 23. Qb3 Qxg6 24. Nc5 b6 25. Qe3 Kb8 26. Nd7+ Kc7 27. Nxf6 Qxf6 28. Qxe7+ Qxe7 29. Rxe7+ Kb8 30. b3 Rh1 31. Rxh1 Rxh1+ 32. Kb2 Rh2 33. a4 a5 34. Kc3 Rg2 35. Kd3 Rh2 36. c3 Rh1 37. Kc4 Rb1 38. Re5 Kc7 39. d5 cxd5+ 40. Rxd5 Rb2 41. Rg5 Rb1 42. b4 axb4 43. cxb4 Rh1 44. Kb5 Rh4 45. Rg7+ Kb8 46. Rd7 Rg4 47. Rh7 Rf4 48. Rh6 Ka7 49. Rh7+ Kb8 50. a5 bxa5 51. Kxa5 Rf5+ 52. b5 Rf6 1/2-1/2

[Event "AUT-chT2O 1516"]
[Site "Austria"]
[Date "2016.03.06"]
[Round "8.2"]
[White "Petran, Peter"]
[Black "Hangweyrer, Manfred"]
[Result "1/2-1/2"]
[WhiteElo "2360"]
[BlackElo "2390"]
[PlyCount "28"]
[EventDate "2015.10.17"]
[EventType "team-tourn"]
[EventRounds "11"]
[EventCountry "AUT"]
[SourceTitle "EXT 2017"]
[Source "ChessBase"]
[SourceDate "2016.10.25"]
[SourceVersion "1"]
[SourceVersionDate "2016.10.25"]
[SourceQuality "1"]
[WhiteTeam "Mattersburg"]
[BlackTeam "Austria"]
[WhiteTeamCountry "AUT"]
[BlackTeamCountry "AUT"]

1. c4 c5 2. Nc3 g6 3. g3 Bg7 4. Bg2 Nc6 5. e3 e5 6. Nge2 d6 7. d3 Nge7 8. Rb1 0-0 9. 0-0 Be6 10. Nd5 Qd7 11. Nec3 Bh3 12. a3 Bxg2 13. Kxg2 Nxd5 14. Nxd5 Ne7 1/2-1/2

[Event "AUT-chT2O 1516"]
[Site "Austria"]
[Date "2015.10.18"]
[Round "2.2"]
[White "Hangweyrer, Manfred"]
[Black "Stohl, Igor"]
[Result "1/2-1/2"]
[WhiteElo "2390"]
[BlackElo "2485"]
[PlyCount "31"]
[EventDate "2015.10.17"]
[EventType "team-tourn"]
[EventRounds "11"]
[EventCountry "AUT"]
[SourceTitle "CBM 168 Extra"]
[Source "ChessBase"]
[SourceDate "2015.10.29"]
[SourceVersion "1"]
[SourceVersionDate "2015.10.29"]
[SourceQuality "1"]
[WhiteTeam "Austria"]
[BlackTeam "Purbach"]
[WhiteTeamCountry "AUT"]
[BlackTeamCountry "AUT"]

1. e4 c5 2. Nf3 d6 3. Bb5+ Nd7 4. 0-0 a6 5. Bd3 Ngf6 6. Re1 b5 7. c3 Bb7 8. Bc2 Rc8 9. a4 b4 10. cxb4 cxb4 11. d3 Qc7 12. Bb3 Nc5 13. Bg5 Nfd7 14. d4 Nxe4 15. Nbd2 Ndf6 16. Nxe4 1/2-1/2

[Event "Vienna State-ch B"]
[Site "Vienna"]
[Date "2015.09.16"]
[Round "5.1"]
[White "Demircan, Suekrue"]
[Black "Hangweyrer, Manfred"]
[Result "0-1"]
[WhiteElo "2085"]
[BlackElo "2380"]
[PlyCount "76"]
[EventDate "2015.09.12"]
[EventType "swiss"]
[EventRounds "9"]
[EventCountry "AUT"]
[SourceTitle "EXT 2024"]
[Source "ChessBase"]
[SourceDate "2023.10.10"]
[SourceVersion "1"]
[SourceVersionDate "2023.10.10"]
[SourceQuality "1"]

1. Nf3 c5 2. b3 d6 3. g3 e5 4. d3 Nc6 5. Bg2 g6 6. 0-0 Bg7 7. c3 Nge7 8. Be3 0-0 9. Nh4 h6 10. Qc1 g5 11. Nf3 f5 12. Bd2 f4 13. e3 Ng6 14. exf4 exf4 15. Ne1 Bg4 16. Be4 Bf5 17. Bxf5 Rxf5 18. g4 Rf7 19. f3 Qd7 20. Ng2 Re8 21. Na3 Nce5 22. d4 cxd4 23. Kh1 dxc3 24. Bxc3 Rc8 25. Qd2 Qe6 26. Rae1 a6 27. Ba1 Rfc7 28. h4 b5 29. h5 Ne7 30. Re2 Qd5 31. Qxd5+ Nxd5 32. Rd2 Rc1 33. Rdd1 Rxd1 34. Rxd1 Nxf3 35. Bxg7 Kxg7 36. Rf1 Ne5 37. Rd1 Nxg4 38. Kg1 f3 0-1

[Event "Vienna State-ch B"]
[Site "Vienna"]
[Date "2015.09.14"]
[Round "3"]
[White "Sauper, Dorian Balthasar"]
[Black "Hangweyrer, Manfred"]
[Result "0-1"]
[WhiteElo "1988"]
[BlackElo "2380"]
[PlyCount "52"]
[EventDate "2015.09.12"]
[EventType "swiss"]
[EventRounds "9"]
[EventCountry "AUT"]
[SourceTitle "EXT 2024"]
[Source "ChessBase"]
[SourceDate "2023.10.10"]
[SourceVersion "1"]
[SourceVersionDate "2023.10.10"]
[SourceQuality "1"]

1. Nf3 d5 2. c4 c6 3. e3 Nf6 4. Nc3 g6 5. d4 Bg7 6. Be2 0-0 7. 0-0 dxc4 8. Bxc4 b5 9. Bd3 Nbd7 10. e4 e5 11. dxe5 Ng4 12. h3 Ngxe5 13. Nxe5 Nxe5 14. Be2 Qh4 15. f4 Rd8 16. Qe1 Qxe1 17. Rxe1 Nc4 18. e5 f6 19. a4 Bd7 20. axb5 cxb5 21. Bf3 Rab8 22. e6 Be8 23. Rxa7 f5 24. Nd5 Bd4+ 25. Be3 Nxe3 26. Ne7+ Kh8 0-1

[Event "AUT-chT2O 1415"]
[Site "Austria"]
[Date "2015.03.08"]
[Round "11.5"]
[White "Schwarhofer, Christopher"]
[Black "Hangweyrer, Manfred"]
[Result "1/2-1/2"]
[WhiteElo "2394"]
[BlackElo "2362"]
[PlyCount "24"]
[EventDate "2014.10.18"]
[EventType "team-tourn"]
[EventRounds "11"]
[EventCountry "AUT"]
[SourceTitle "EXT 2016"]
[Source "ChessBase"]
[SourceDate "2015.10.08"]
[SourceVersion "1"]
[SourceVersionDate "2015.10.08"]
[SourceQuality "1"]
[WhiteTeam "Nickelsdorf"]
[BlackTeam "Austria"]
[WhiteTeamCountry "AUT"]
[BlackTeamCountry "AUT"]

1. e4 d5 2. exd5 Nf6 3. c4 c6 4. Nc3 cxd5 5. cxd5 Nxd5 6. Nf3 e6 7. d4 Bb4 8. Bd2 Nc6 9. a3 Be7 10. Bc4 0-0 11. 0-0 Nb6 12. Bd3 e5 1/2-1/2

[Event "AUT-chT2O 1314"]
[Site "Austria"]
[Date "2014.02.22"]
[Round "8.5"]
[White "Koffler, Daniel"]
[Black "Hangweyrer, Manfred"]
[Result "1/2-1/2"]
[WhiteElo "2180"]
[BlackElo "2375"]
[PlyCount "85"]
[EventDate "2013.10.05"]
[EventType "team-tourn"]
[EventRounds "11"]
[EventCountry "AUT"]
[SourceTitle "EXT 2015"]
[Source "ChessBase"]
[SourceDate "2014.11.20"]
[SourceVersion "1"]
[SourceVersionDate "2014.11.20"]
[SourceQuality "1"]
[WhiteTeam "Nickelsdorf"]
[BlackTeam "Austria"]
[WhiteTeamCountry "AUT"]
[BlackTeamCountry "AUT"]

1. d4 Nf6 2. c4 d6 3. Nc3 Nbd7 4. g3 e5 5. Bg2 g6 6. Nf3 Bg7 7. 0-0 0-0 8. e4 a6 9. h3 b5 10. c5 exd4 11. Nxd4 Nxc5 12. b4 Ne6 13. Nc6 Qe8 14. e5 dxe5 15. Nxe5 Rb8 16. Be3 Bb7 17. Bxb7 Rxb7 18. Qf3 c6 19. Rac1 Rc7 20. Rfe1 Qa8 21. Nd3 Re8 22. Nf4 Rce7 23. Nce2 Nxf4 24. Nxf4 Re4 25. Red1 Rxb4 26. Rd6 c5 27. Qxa8 Rxa8 28. Bxc5 Rc4 29. Rxc4 bxc4 30. Rc6 Ne4 31. Be3 c3 32. Ne2 h5 33. f3 Nd2 34. Kf2 Nb1 35. Rb6 Na3 36. Rc6 Nc2 37. Nxc3 Rb8 38. Rc4 Rb2 39. Bc1 Rb7 40. Nd5 Nd4 41. g4 hxg4 42. hxg4 Rd7 43. Nf4 1/2-1/2

[Event "AUT-chT2O 1314"]
[Site "Austria"]
[Date "2013.12.07"]
[Round "5.4"]
[White "Vitouch, Anatol"]
[Black "Hangweyrer, Manfred"]
[Result "1/2-1/2"]
[WhiteElo "2270"]
[BlackElo "2375"]
[PlyCount "33"]
[EventDate "2013.10.05"]
[EventType "team-tourn"]
[EventRounds "11"]
[EventCountry "AUT"]
[SourceTitle "EXT 2015"]
[Source "ChessBase"]
[SourceDate "2014.11.20"]
[SourceVersion "1"]
[SourceVersionDate "2014.11.20"]
[SourceQuality "1"]
[WhiteTeam "Pamhagen"]
[BlackTeam "Austria"]
[WhiteTeamCountry "AUT"]
[BlackTeamCountry "AUT"]

1. c4 c6 2. g3 d5 3. Nf3 Nf6 4. Bg2 g6 5. b3 Bg7 6. Bb2 0-0 7. 0-0 Nbd7 8. d4 Ne4 9. Nc3 Ndf6 10. cxd5 Nxc3 11. Bxc3 cxd5 12. Rc1 Ne4 13. Bb2 a5 14. Nd2 Nf6 15. Nf3 a4 16. b4 a3 17. Ba1 1/2-1/2